| 000 | 00633nam a2200217 a 4500 | ||
|---|---|---|---|
| 005 | 20260415064209.0 | ||
| 008 | 020829s1999 mx r 000 0 spa d | ||
| 020 | _a8483162458 | ||
| 035 | _aUPN01000118741 | ||
| 049 | _aCG | ||
| 050 | 4 |
_aLB2331.65 E7.7 _bG6.3 |
|
| 100 | 1 |
_aGómez Castro, José Luis _932044 |
|
| 245 | 1 | 3 |
_aLa evaluación en bachillerato : _buna perspectiva práctica / _cJosé Luis Gómez Castro. |
| 260 |
_aMadrid : _bCCS, _cc1999. |
||
| 300 | _a192 p. | ||
| 440 | 0 |
_aEducar ; _v15 |
|
| 650 | 4 |
_aUniversidades y colegios _95013 |
|
| 650 | 4 |
_aEvaluación educativa _94298 |
|
| 902 | _aBDV/cav | ||
| 905 | _aLibro | ||
| 999 |
_c91105 _d91105 |
||